|
|
|
|
| LEADER |
00966nam a2200253 a 4500 |
| 001 |
3653760 |
| 008 |
110716r20001977njua b 001 0 eng d |
| 010 |
|
|
|a 76052450
|
| 020 |
|
|
|a 0131654233
|
| 020 |
|
|
|a 8120303369
|
| 040 |
|
|
|a DLC
|c DLC
|d DLC
|c BD-DhAAL
|
| 082 |
0 |
0 |
|a 001.6/442
|2 22
|
| 100 |
1 |
|
|a Martin, James,
|d 1933-
|
| 245 |
1 |
0 |
|a Computer data-base organization /
|c James Martin.
|
| 250 |
|
|
|a 2d ed.
|
| 260 |
|
|
|a Englewood Cliffs, N.J. ;
|a New Delhi :
|b Prentice-Hall,
|c c1977 [Reprinted 2000]
|
| 300 |
|
|
|a xviii, 713 p. :
|b ill. ;
|c 24 cm.
|
| 490 |
0 |
|
|a Prentice-Hall series in automatic computation
|
| 504 |
|
|
|a Includes bibliographical references and index.
|
| 541 |
1 |
|
|e 00010635
|
| 650 |
|
0 |
|a Database management.
|
| 852 |
4 |
|
|a Ayesha Abed Library
|j General shelf
|
| 999 |
|
|
|c 11097
|d 11097
|
| 952 |
|
|
|0 0
|1 0
|4 0
|6 001_644200000000000_MAR
|7 0
|9 17478
|a BRACUL
|b BRACUL
|c GEN
|d 2011-07-16
|l 5
|m 17
|o 001.6442 MAR
|p 3010010635
|r 2022-06-05
|s 2022-05-29
|t 1
|w 2011-07-16
|y BK
|x Available
|